00606 2200229 4500001002100000005001500021035002000036007000300056008004100059020002200100082001100122084001700133100003400150245005600184250001000240260003900250300003100289650002000320650001600340990000900356990001100365INLIS00000000000059620180214092730 a0010-1017000150ta180214 f 0 ind  a978-602-7637-45-0 a297.98 a297.98 ALH k0 aSYAIKH.Abdul Mun'im Al Hasyim1 aKisah Para Tabi'in /cSyaikh Abdul Mun'im Al Hasyim aCet.1 aJakarta Timur :bUmmul Qura,c2015 axviii,910hlm ;c17 x 24 cm aBiografi, Islam aFiqih Islam a5491 a5491 a